Statistieken voor Langste rivieren van de wereld

Klik hier om de quiz te nemen!

Algemene statistieken

  • Deze quiz is 73 keer genomen
  • De gemiddelde score is 11 van 50

Antwoordstatistieken

PlaatsLengteRivier% Correct
16695 kmNijl
96%
26448 kmAmazone
92%
242857 kmDonau
84%
133778 kmMississippi
82%
153530 kmWolga
69%
74338 kmGele Rivier
49%
352511 kmGanges
47%
44500 kmMekong
45%
104184 kmNiger
39%
412333 kmColorado
37%
114130 kmMissouri
37%
442285 kmDnjepr
35%
143650 kmOb
35%
64374 kmKongo
33%
282800 kmEufraat
31%
203034 kmRio Grande
29%
193180 kmIndus
27%
54400 kmLena
27%
472197 kmXi Jang
27%
382428 kmOeral
20%
482160 kmOranje Rivier
20%
36380 kmBlauwe Rivier
16%
302574 kmZambesi
14%
262824 kmAmoer
12%
84260 kmMackenzie
12%
124092 kmJenisej
10%
312570 kmParana
10%
402375 kmMurray
8%
223010 kmOrinoco
6%
252844 kmDarling
4%
332549 kmParaguay
4%
392400 kmRio Negro
4%
452273 kmAldan
2%
173210kmPurus
2%
232980 kmSalween
2%
213019 kmSyr Darja
2%
322554 kmYukon
2%
422333 kmArkansas
0%
502060 kmBrazos
0%
183199 kmFrancisco
0%
94248 kmIrtysj
0%
372450 kmIsjim
0%
272816 kmJapura
0%
163283 kmJurua
0%
492153 kmKasai
0%
342513 kmKolyma
0%
432292 kmOlenjok
0%
362450 kmTocantins
0%
462272 kmUbangi
0%
292650 kmViljoej
0%

Scoreverdeling

Percentiel versus Aantal Correcte Antwoorden

Procent van Mensen met Elke Score

Uw Scoregeschiedenis

U heeft deze quiz nog niet genomen